| 000 | 00635nam a22001937a 4500 | ||
|---|---|---|---|
| 005 | 20251108170927.0 | ||
| 008 | 250721s1984 xx 000 0 ara d | ||
| 082 | 1 | 4 | _a624.1/وست |
| 100 | 1 | _aوست، هاري ه | |
| 245 | 1 | 0 | _aتكامل الطرق التقليدية مع الطرق الحديثة / |
| 264 | 1 |
_aنيويورك : _bدار جون وايلي و أبنائه، _c1984. |
|
| 300 | _a711ص | ||
| 490 | 0 | _aتحليل الإنشاءات | |
| 650 | 1 | 7 | _aالهندسة المدنية |
| 650 | 1 | 7 | _aهندسة الإنشاءات |
| 700 | 1 |
_aأسرب، مصطفى _eترجمة |
|
| 942 |
_2ddc _cBK |
||
| 999 |
_c52318 _d52318 |
||